The secret of the Nagas: (Record no. 152339)

MARC details
000 -LEADER
fixed length control field 01250nam a22002897a 4500
005 - DATE AND TIME OF LATEST TRANSACTION
control field 20190409115130.0
010 ## - LCCN (DPL NO)
LC control number B-694061 B-709297 B-721068
020 ## - INTERNATIONAL STANDARD BOOK NUMBER
International Standard Book Number 9789381626344
Terms of availability 325.00
035 ## - SYSTEM CONTROL NUMBER
System control number B-694061
035 ## - SYSTEM CONTROL NUMBER
System control number B-709297
035 ## - SYSTEM CONTROL NUMBER
System control number B-721068
037 ## - SOURCE OF ACQUISITION
Source of stock number/acquisition RK Books
037 ## - SOURCE OF ACQUISITION
Source of stock number/acquisition L/RP/RK Books
037 ## - SOURCE OF ACQUISITION
Source of stock number/acquisition Aksharesh Enterprises
082 ## - DEWEY DECIMAL CLASSIFICATION NUMBER
Classification number N
100 ## - MAIN ENTRY--PERSONAL NAME
Personal name Amish
245 ## - TITLE STATEMENT
Title The secret of the Nagas:
Statement of responsibility, etc by Amish
Remainder of title book 2 of the shiva trilogy /
260 ## - PUBLICATION, DISTRIBUTION, ETC. (IMPRINT)
Place of publication, distribution, etc Chennai
Name of publisher, distributor, etc Westland
Date of publication, distribution, etc 2017
270 ## - ADDRESS
Address 61, II Floor, Silverline Building, Alapakkam Main Road, Maduravoyal
City Chennai
Postal code 600095
300 ## - PHYSICAL DESCRIPTION
Extent xxiii, 371p.
Dimensions 20cm(pbk)
490 ## - SERIES STATEMENT
Series statement Shiva trilogy 2
500 ## - GENERAL NOTE
General note Includes glossary
942 ## - ADDED ENTRY ELEMENTS (KOHA)
Source of classification or shelving scheme Dewey Decimal Classification
Item type English Books
Call number suffix AMI
Classification part N
Holdings
Withdrawn status Lost status Not for loan Collection code Home library Current library Date acquired Source of acquisition Cost, normal purchase price Full call number Barcode Cost, replacement price Koha item type Copy number
      Fiction Central Library Central Library 05/10/2018 R K Books/IN1648/20.09.2018/161/08.09.2018/27.09.2018 325.00 N AMI B-709297 325.00 English Books 1
      Fiction Sarojini Nagar Sarojini Nagar 01/06/2018 R.K.Books/398/23.05.2018/456/18.05.2018/29.05.2018 325.00 N AMI B-694061 325.00 English Books  
      Non-fiction Sarojini Nagar Sarojini Nagar 09/04/2019 Aksharesh Enterprises/0013/02-04-19/795/26-03-19/04-04-19 325.00 N AMI B-721068 325.00 English Books 1

© Delhi Public Library
Hit Counter
free hit counter